01935nam a2200385Ia 4500001001200000003000800012006001900020007001500039008004100054010001700095020004300112020002600155040002100181035002100202050002500223082001700248245015100265260006600416300003100482500019000513504005100703533015200754630008500906650006800991650006301059650006201122650006801184650006201252655002901314700001901343700002701362710001701389856012601406999001701532ebr10620915CaPaEBRm u cr cn|||||||||120511s2012 enkab sb 101 0 eng d z 2012019364 z9781409444930 (hardcover : alk. paper) z9781409444947 (ebook) aCaPaEBRcCaPaEBR a(OCoLC)82020387814aK3590.4b.T73 2012eb04a341.4/4822300aTransboundary environmental governanceh[electronic resource] :binland, coastal and marine perspectives /cedited by Robin Warner, Simon Marsden. aFarnham, Surrey, England ;aBurlington, VT :bAshgate,c2012. axvi, 257 p. :bill., maps. a"This book arose out of a seminar organised by the contributing editors, Robin Warner and simon Marsden, which was held on 12 May 2011 ... at the University of Wollongong in Australia". aIncludes bibliographical references and index. aElectronic reproduction.bPalo Alto, Calif. :cebrary,d2011.nAvailable via World Wide Web.nAccess may be limited to ebrary affiliated libraries.00aConvention on Environmental Impact Assessment in a Transboundary Contextd(1991) 0aMarine resources conservationxLaw and legislationvCongresses. 0aEnvironmental managementxLaw and legislationvCongresses. 0aCoastal zone managementxLaw and legislationvCongresses. 0aEnvironmental impact analysisxLaw and legislationvCongresses. 0aTransboundary pollutionxLaw and legislationvCongresses. 7aElectronic books.2local1 aWarner, Robin.1 aMarsden, Simon,d1964-2 aebrary, Inc.40uhttp://site.ebrary.com/lib/rucke/Doc?id=10620915zAn electronic book accessible through the World Wide Web; click to view c73905d73905